Welcome to the Holygrace Academy Library

Please use search bar below to get started

MAYAKKUMARUNNUKALUDE LOKHAM (Record no. 9131)

MARC details
000 -LEADER
fixed length control field 00332nam a22001337a 4500
082 ## - DEWEY DECIMAL CLASSIFICATION NUMBER
Classification number 894.812
Item number GOK/M
100 ## - MAIN ENTRY--AUTHOR NAME
Personal name GOKULDAS ,N N
245 ## - TITLE STATEMENT
Title MAYAKKUMARUNNUKALUDE LOKHAM
246 ## - VARYING FORM OF TITLE
Title proper/short title MAYAKKUMARUNNUKALUDE LOKHAM
Remainder of title MAYAKKUMARUNNUKALUDE LOKHAM
260 ## - PUBLICATION, DISTRIBUTION, ETC. (IMPRINT)
Place of publication THRISSUR
Name of publisher KSSP
Year of publication 2022
300 ## - PHYSICAL DESCRIPTION
Number of Pages 24
650 ## - SUBJECT ADDED ENTRY--TOPICAL TERM
Topical Term MALAYALAM
942 ## - ADDED ENTRY ELEMENTS (KOHA)
Koha item type Books
Holdings
Withdrawn status Lost status Collection code Home library Current library Date acquired Source of acquisition Cost, normal purchase price Full call number Accession Number Koha item type
    MALAYALAM FICTION Main Library Main Library 11/07/2025 COTRIBUTION 240.00 894.812 GOK/M 13840 Books